Historia 1 : la antiguedad y la edad media /

Guardado en:
Autor Principal: Bustinza, Juan Antonio
Otros Autores: Ribas, Gabriel Antonio
Formato: Libro
Publicado: Buenos Aires : A-z, 1988
Edición:4a. ed.
Materias:
Etiquetas: Agregar Etiqueta
Sin Etiquetas, Sea el primero en etiquetar este registro!
LEADER 01287nam a22003015a 4500
001 CEM.cems015746
005 20130429114700.0
008 130507s1988##################000#0#####d
003 CEMS
020 |a 9505341261 
082 0 4 |a 930 
100 1 |a Bustinza, Juan Antonio 
245 1 0 |a Historia 1 :  |b la antiguedad y la edad media /  |c Juan Antonio Bustinza y Gabriel A. Ribas 
250 |a 4a. ed. 
260 |a Buenos Aires :  |b A-z,  |c 1988 
300 |a 318 p. 
500 |a Para primer año del ciclo básico, escuelas de comercio y de educación técnica 
505 0 |a Historia y prehistoria -- La civilización egipcia -- Las civilizaciones de Oriente -- La civilización griega -- La civilización romana -- El Occidente Germano y el Oriente Bizantino -- La civilización del Islam -- Carlomagno, la Iglesia y la sociedad feudal -- El Sacro Imperio, las Cruzadas y el nacimiento de la burguesía -- La Baja Edad Media 
653 |a Edad de piedra 
653 |a Historia 
653 |a Historia antigua 
653 |a Historia -1er. año 
653 |a Roma 
653 |a Grecia 
653 |a Islam 
700 1 |a Ribas, Gabriel Antonio 
859 |a CEMS  |b BIB. CEMS - Agricultura  |h 930  |i B969  |p A17432.93  |t Ej.1  |v 1  |3 1 
859 |a CEMS  |b BIB. CEMS - Agricultura  |h 930  |i B969  |p A18459.95  |t Ej.2  |v 1  |3 1